000 00857nam a22002297a 4500
005 20250707153701.0
008 250707b |||||||| |||| 00| 0 eng d
020 _a978-81-8857-86-4 (hbk)
037 _cTB
040 _aCRL
_cCRL
041 _2hin
_ahin
_hsan
084 _aP15 Q3
_qCRL
100 _aशुक्ल, रामपाल
_9815257
245 _aशास्त्रीयपरिचय:
260 _aकानपुर, भारत:
_bचिंतन प्रकाशन,
_c2013.
300 _a88पृ.
365 _b300.00
_cINR
650 _aसंस्कृत
_9815258
650 _aसंस्कृत भाषा
942 _2CC
_cTB
_hP15 Q3
_n0
999 _c1433476
_d1433476